000
00305nam a2200121Ia 4500
008
241028s9999 xx 000 0 und d
041
_a
eng
082
_a
332 MIS
100
_a
Frederic Mishkin
245
_a
Financial Markets And Institutions
260
_b
Pearson
_a
London
_c
2024
300
_a
637;. P. 25 cm
999
_c
42771
_d
42771